000
00333nam a22001577a 4500
020
_a
81-921297-2-1
082
_a
642
_b
SHA
100
_a
SHARMA, SUMAN
245
_a
THE PROFESSIONAL WAITER
250
_a
1ST
260
_a
DELHI
_b
NAMAN
_c
2012
300
_a
224
650
_a
HOTEL MANAGEMENT
653
_a
WAITER
942
_2
ddc
_c
BK
999
_c
8054
_d
8054